Acteurs nommé aux Oscars - Statistiques

Statistiques générales
  • Ce quiz a été pris 25 fois
  • Le résultat moyen est 70 sur 135
Statistiques - réponses
Hint Acteurs % Correct
Aviator | Blood Diamond | Le Loup de Wall Street | +3 others Leonardo DiCaprio
100%
Ali | La Méthode Williams | À la recherche du bonheur Will Smith
100%
L'Étrange Histoire de Benjamin Button | Le Stratège Brad Pitt
95%
The Artist Jean Dujardin
91%
Half Nelson | La La Land Ryan Gosling
91%
Le Pianiste | The Brutalist Adrien Brody
86%
A Star Is Born | American Sniper | Happiness Therapy | Maestro Bradley Cooper
86%
Seul au monde Tom Hanks
86%
Fences | Flight | Hurricane Carter | +3 others Denzel Washington
82%
Joker | The Master | Walk the Line Joaquin Phoenix
82%
Gladiator | Révélations | Un homme d'exception Russell Crowe
82%
Oppenheimer Cillian Murphy
77%
Neverland | Pirates des Caraïbes : La Malédiction du Black Pearl | Sweeney Todd : Le Diabolique Barbier de Fleet Street Johnny Depp
77%
Seul sur Mars Matt Damon
77%
Bohemian Rhapsody Rami Malek
77%
The Father Anthony Hopkins
73%
Accords et désaccords | Harvey Milk | Mystic River | Sam, je suis Sam Sean Penn
73%
Million Dollar Baby Clint Eastwood
68%
Sinners Michael B. Jordan
68%
Conclave Ralph Fiennes
68%
Call Me by Your Name | Marty Supreme | Un parfait inconnu Timothée Chalamet
68%
Manchester by the Sea Casey Affleck
64%
Gangs of New York | Lincoln | Phantom Thread | There Will Be Blood Daniel Day-Lewis
64%
Le Secret de Brokeback Mountain Heath Ledger
64%
American Beauty Kevin Spacey
64%
Imitation Game | Le Pouvoir du Chien Benedict Cumberbatch
59%
Ray Jamie Foxx
59%
Dallas Buyers Club Matthew McConaughey
59%
Invictus Morgan Freeman
59%
The Whale Brendan Fraser
55%
A Single Man | Le Discours d'un roi Colin Firth
55%
Le Dernier Roi d'Écosse Forest Whitaker
55%
Captain Fantastic | Green Book : Sur les routes du Sud | Les Promesses de l'ombre Viggo Mortensen
55%
Marriage Story Adam Driver
50%
American Bluff | Vice Christian Bale
50%
La Taupe | Les Heures sombres | Mank Gary Oldman
50%
In the Air | Michael Clayton | The Descendants George Clooney
50%
Truman Capote Philip Seymour Hoffman
50%
Les Misérables Hugh Jackman
45%
Tick, Tick... Boom! | Tu ne tueras point Andrew Garfield
41%
Elvis Austin Butler
41%
Danish Girl | Une merveilleuse histoire du temps Eddie Redmayne
41%
Crazy Heart | True Grit Jeff Bridges
41%
The Social Network Jesse Eisenberg
41%
Steve Jobs Michael Fassbender
41%
Birdman ou (la surprenante vertu de l'ignorance) Michael Keaton
41%
Lost in Translation Bill Murray
36%
127 heures James Franco
36%
Démineurs Jeremy Renner
36%
Adaptation Nicolas Cage
32%
Hôtel Rwanda Don Cheadle
27%
Monsieur Schmidt Jack Nicholson
27%
Avant la nuit | Being the Ricardos | Biutiful Javier Bardem
27%
Retour à Cold Mountain Jude Law
27%
The Wrestler Mickey Rourke
27%
L'Agent secret Wagner Moura
27%
Douleur et Gloire Antonio Banderas
23%
Twelve Years a Slave Chiwetel Ejiofor
23%
Blue Moon Ethan Hawke
23%
Un Américain bien tranquille Michael Caine
23%
Dalton Trumbo Bryan Cranston
18%
Aftersun Paul Mescal
18%
Foxcatcher Steve Carell
18%
Dans la vallée d'Elah Tommy Lee Jones
18%
House of Sand and Fog Ben Kingsley
14%
Nebraska Bruce Dern
14%
Get Out Daniel Kaluuya
14%
Pollock Ed Harris
14%
Quills, la plume et le sang Geoffrey Rush
14%
At Eternity's Gate Willem Dafoe
14%
Vivre Bill Nighy
9%
Le Blues de Ma Rainey Chadwick Boseman
9%
Les Banshees d'Inisherin Colin Farrell
9%
Bayard Rustin | Sing Sing Colman Domingo
9%
Good Night and Good Luck David Strathairn
9%
Frost/Nixon, l'heure de vérité Frank Langella
9%
Fiction à l'américaine Jeffrey Wright
9%
Une histoire vraie Richard Farnsworth
9%
The Visitor Richard Jenkins
9%
Sound of Metal Riz Ahmed
9%
The Apprentice Sebastian Stan
9%
Minari Steven Yeun
9%
A Better Life Demián Bichir
5%
Les Deux Papes Jonathan Pryce
5%
Winter Break Paul Giamatti
5%
Hustle et Flow Terrence Howard
5%
In the Bedroom Tom Wilkinson
5%
Venus Peter O'Toole
0%
Aucun quiz correspondant
Distribution des résultats
% des personnes avec chaque résultat
Percentile par nombre de réponses
Votre historique - résultats
Vous n’avez pas pris ce quiz